000 00658nam a22002297a 4500
005 20160719152610.0
008 140424b xxu||||| |||| 00| 0 eng d
020 _a9788130915784
_c295
040 _aLoreto College
041 _aEnglish
082 _a809
_b EAR
100 _aEarnshaw, Steven
245 _aBeginning Realism
_cSteven Earnshaw
250 _aIndian ed
260 _aNew Delhi
_bViva Books
_c2010
300 _axi, 288p
_b20 cm
500 _aPublished by arrangement with Manchester University Press
504 _aIncludes bibliographical references and index
650 _aRealism in literature
850 _aLCLIB
_bPG
942 _cBK
999 _c39153
_d89632